|
|
|
|
| LEADER |
00000nam0a2200000 4500 |
| 001 |
252834 |
| 005 |
20231101232804.0 |
| 010 |
|
|
|a 522900598X
|
| 020 |
|
|
|a RU
|b 89-39249
|
| 035 |
|
|
|a (RuTPU)RU\TPU\book\275192
|
| 090 |
|
|
|a 252834
|
| 100 |
|
|
|a 20140306d1989 k y0rusy5003 ca
|
| 101 |
0 |
|
|a rus
|
| 102 |
|
|
|a RU
|
| 105 |
|
|
|a a z 001zy
|
| 200 |
1 |
|
|a Сплавы для термометрии, электротехники и приборостроения
|e тематический сборник научных трудов
|f Государственный научно-исследовательский, проектный и конструкторский институт сплавов и обработки цветных металлов (Гипроцветметобработка)
|
| 210 |
|
|
|a Москва
|c Металлургия
|d 1989
|
| 215 |
|
|
|a 78 с.
|c ил.
|d 21 см
|
| 320 |
|
|
|a Библиогр. в конце статей
|
| 606 |
1 |
|
|a Сплавы
|x Термическая обработка
|2 stltpush
|3 (RuTPU)RU\TPU\subj\55917
|9 73870
|
| 610 |
1 |
|
|a термоэлектродные сплавы
|
| 610 |
1 |
|
|a высокие температуры
|
| 610 |
1 |
|
|a криогенные температуры
|
| 610 |
1 |
|
|a физические факторы
|
| 610 |
1 |
|
|a технологические факторы
|
| 610 |
1 |
|
|a влияние
|
| 610 |
1 |
|
|a медные сплавы
|
| 610 |
1 |
|
|a использование
|
| 610 |
1 |
|
|a приборостроение
|
| 610 |
1 |
|
|a серебряные сплавы
|
| 610 |
1 |
|
|a коммутационная техника
|
| 675 |
|
|
|a 669.018.4
|z rus
|v 3
|
| 712 |
0 |
2 |
|a Государственный научно-исследовательский, проектный и конструкторский институт сплавов и обработки цветных металлов (Гипроцветметобработка)
|c (Москва)
|2 stltpush
|3 (RuTPU)RU\TPU\col\15724
|
| 801 |
|
0 |
|a RU
|b RuMRKP
|c 19960704
|g psbo
|
| 801 |
|
1 |
|a RU
|b 63413507
|c 20140306
|
| 801 |
|
2 |
|a RU
|b 63413507
|c 20140324
|g RCR
|
| 942 |
|
|
|c BK
|